| 000 | 00359cam a2200133ua 4500 | ||
|---|---|---|---|
| 020 | _a0074519670 | ||
| 082 |
_a330.95405 _bUPP/IN |
||
| 100 |
_aUppal, J.S . _91572 |
||
| 245 | 0 | 0 | _aIndia`s Economic Problems: An Analytical Approach |
| 250 | _a3 / | ||
| 260 |
_aNew Delhi : _bTata Mc-Graw Hill Publishing Company , _c1985. |
||
| 300 | _a545 ; . | ||
| 942 | _cREF | ||
| 999 |
_c7916 _d7916 |
||